书目信息 |
| 题名: |
王干文学对话录
|
|
| 作者: | 苏童 , 王干 著 | |
| 分册: | ||
| 出版信息: | 桂林 漓江出版社 2004.04 |
|
| 页数: | 260页 | |
| 开本: | 20cm | |
| 丛书名: | ||
| 单 册: | ||
| 中图分类: | I0-53 | |
| 科图分类: | ||
| 主题词: | 文学理论--文集 | |
| 电子资源: | ||
| ISBN: | 7-5407-3153-2 | |
| 000 | 00738nam0 2200229 450 | |
| 001 | 192004001612 | |
| 005 | 20070906152715.40 | |
| 010 | @a7-5407-3153-2@dCNY15.00 | |
| 100 | @a20070531d2004 ekmy0chiy0121 ea | |
| 101 | 0 | @achi |
| 102 | @aCN@b450000 | |
| 105 | @aac z 000zy | |
| 200 | 1 | @a王干文学对话录@Awang gan wen xue dui hua lu@f王干, 苏童等著 |
| 210 | @a桂林@c漓江出版社@d2004.04 | |
| 215 | @a260页@c图, 肖像@d20cm | |
| 330 | @a本书是与20世纪九十年代国内代表作家对话的文本记录, 再现了20世纪末国内文坛的风云和思潮的变迁, 以及对于作家文学观念、生活现状的记录等。 | |
| 606 | 0 | @a文学理论@j文集 |
| 690 | @aI0-53@v4 | |
| 701 | 0 | @a苏童@Asu tong@4著 |
| 701 | 0 | @a王干@Awang gan@4著 |
| 801 | 0 | @aCN@c20070906 |
| 905 | @dI0-53@eW185 | |
| 王干文学对话录/王干, 苏童等著.-桂林:漓江出版社,2004.04 |
| 260页:图, 肖像;20cm |
| ISBN 7-5407-3153-2:CNY15.00 |
| 本书是与20世纪九十年代国内代表作家对话的文本记录, 再现了20世纪末国内文坛的风云和思潮的变迁, 以及对于作家文学观念、生活现状的记录等。 |
| ● |
| 相关链接 |
|
|
|
正题名:王干文学对话录
索取号:I0-53/W185
 
预约/预借
| 序号 | 登录号 | 条形码 | 馆藏地/架位号 | 状态 | 备注 |
| 1 | 622812 | 206228125 | 文学库108/108文学库 1排2列5层/ [索取号:I0-53/W185] | 在馆 | |
| 2 | 622813 | 206228134 | 文学库108/ [索取号:I0-53/W185] |
已借出,限还日期为2036.11.17 借出人:张守义 |
|
| 3 | 622814 | 206228143 | 文学库108/108文学库 1排2列5层/ [索取号:I0-53/W185] | 在馆 |